000 00385nam a2200145Ia 4500
005 20250425063713.0
008 240331s9999 xx 000 0 und d
082 _bABE
_a891
100 _aAbesinghe,W.A
245 0 _aKamala dasge anuragaye mulpotha
260 _aWarakapola
_bAriya Prakashakayo
_c1987
300 _a200 p .,
500 _a Translation of Alphabet lust book
942 _cL
999 _c4802
_d4802